Statistics for Countries of Europe with an Empty Map

Click here to take the quiz!

General Stats

  • This quiz has been taken 122,027 times
  • The average score is 42 of 45

Answers on the Map

Answers color-coded by a green-red scale on the quiz's map according to % correct below.
Loading ...
 

Answer Stats

Country% Correct
Germany
99%
United Kingdom
99%
France
99%
Sweden
98%
Italy
98%
Spain
98%
Poland
97%
Finland
97%
Norway
97%
Portugal
97%
Greece
96%
Denmark
96%
Russia
96%
Switzerland
96%
Belgium
96%
Austria
96%
Ireland
96%
Netherlands
95%
Hungary
94%
Czech Republic
94%
Ukraine
94%
Latvia
93%
Estonia
93%
Luxembourg
93%
Slovakia
93%
Romania
93%
Croatia
93%
Iceland
92%
Slovenia
92%
Lithuania
92%
Albania
91%
Belarus
91%
Andorra
91%
Serbia
90%
Bulgaria
90%
Bosnia and
Herzegovina
90%
Vatican City
90%
North Macedonia
88%
Monaco
87%
Liechtenstein
87%
Malta
86%
Kosovo
86%
Montenegro
85%
Moldova
85%
San Marino
85%

Score Distribution

Percentile by Number Answered

Percent of People with Each Score

Your Score History

You have not taken this quiz